[Event "Fagernes op"]
[Site "Fagernes"]
[Date "2025.04.18"]
[Round "7"]
[White "Hillarp Persson, Tiger"]
[Black "Fiskaaen, Martin Holten"]
[Result "1/2-1/2"]
[WhiteElo "2462"]
[BlackElo "2283"]
[PlyCount "117"]
[EventDate "2025.04.13"]
[EventType "swiss"]
[EventRounds "9"]
[EventCountry "NOR"]
[SourceTitle "CB17_2025"]
[SourceDate "2025.04.23"]
[SourceVersion "1"]
[SourceVersionDate "2025.04.23"]
[SourceQuality "1"]

1. Nf3 d5 2. g3 Bg4 3. Bg2 c6 4. c4 e6 5. Qb3 Qb6 6. h3 Bh5 7. d4 Nf6 8. Nc3 Nbd7 9. cxd5 exd5 10. Nh4 Bg6 11. Nxg6 hxg6 12. Bf4 Be7 13. g4 0-0 14. Rd1 Rfe8 15. 0-0 Bb4 16. Qc2 Re6 17. g5 Nh5 18. Bh2 Bxc3 19. bxc3 Qd8 20. h4 Nb6 21. Rfe1 Nc4 22. e4 Qe7 23. Bf1 b5 24. e5 Qe8 25. Bh3 a5 26. f4 Re7 27. Qe2 b4 28. Rc1 bxc3 29. Rxc3 Rb8 30. Rc2 Na3 31. Rc3 Nc4 32. f5 Rb2 33. Qg4 Nd6 34. Qf3 Ne4 35. Rce3 Qb8 36. Rb3 Rxb3 37. axb3 Qb4 38. Rd1 gxf5 39. Qxh5 Qxb3 40. Bxf5 Qe3+ 41. Kh1 g6 42. Bxg6 fxg6 43. Qxg6+ Kf8 44. Qh6+ Kg8 45. Qg6+ Kf8 46. Rf1+ Nf2+ 47. Kg2 Qh3+ 48. Kxf2 Rf7+ 49. Qxf7+ Kxf7 50. Bg3 Kg6 51. Rc1 Qf5+ 52. Kg2 Qe4+ 53. Kh3 Kh5 54. Rf1 a4 55. Rf6 Qg4+ 56. Kh2 Qe2+ 57. Kh3 Qg4+ 58. Kh2 Qe2+ 59. Kh3 1/2-1/2

[Event "Fagernes op"]
[Site "Fagernes"]
[Date "2025.04.14"]
[Round "2"]
[White "Vijayakumar, Rishi"]
[Black "Hillarp Persson, Tiger"]
[Result "1-0"]
[WhiteElo "2317"]
[BlackElo "2462"]
[PlyCount "69"]
[EventDate "2025.04.13"]
[EventType "swiss"]
[EventRounds "9"]
[EventCountry "NOR"]
[SourceTitle "CB17_2025"]
[SourceDate "2025.04.23"]
[SourceVersion "1"]
[SourceVersionDate "2025.04.23"]
[SourceQuality "1"]

1. d4 Nf6 2. c4 g6 3. Nc3 Bg7 4. e4 d6 5. Be2 0-0 6. Be3 e5 7. d5 Na6 8. h3 Nc5 9. Qc2 a5 10. 0-0-0 Bd7 11. Nf3 Qe8 12. g4 a4 13. Nd2 Na6 14. Rdg1 c6 15. a3 h6 16. h4 Nh7 17. Nf1 Qe7 18. Ng3 Nc5 19. g5 Nb3+ 20. Kb1 Nd4 21. Qd2 hxg5 22. hxg5 c5 23. Rh2 Rfb8 24. Nb5 Bxb5 25. cxb5 Qd7 26. Rh4 Nf8 27. Rgh1 Nxe2 28. Qxe2 Ra5 29. Qf3 Qd8 30. Nf5 gxf5 31. exf5 f6 32. g6 Qd7 33. Bh6 Nxg6 34. fxg6 e4 35. Qf4 1-0

[Event "DEN-chT 2425 62nd"]
[Site "Denmark"]
[Date "2025.03.02"]
[Round "7.1"]
[White "Pantzar, Milton"]
[Black "Hillarp Persson, Tiger"]
[Result "1-0"]
[WhiteElo "2453"]
[BlackElo "2455"]
[PlyCount "93"]
[EventDate "2024.11.02"]
[EventType "team-tourn"]
[EventRounds "9"]
[EventCountry "DEN"]
[SourceTitle "CB16_2025"]
[SourceDate "2025.04.16"]
[SourceVersion "1"]
[SourceVersionDate "2025.04.16"]
[SourceQuality "1"]
[WhiteTeam "Koge"]
[BlackTeam "Bronshoj"]
[WhiteTeamCountry "DEN"]
[BlackTeamCountry "DEN"]

1. d4 Nf6 2. Nf3 g6 3. Nbd2 d5 4. e3 Bg7 5. b3 c5 6. Bb2 cxd4 7. exd4 Nc6 8. Bd3 Nb4 9. 0-0 Nxd3 10. cxd3 Bg4 11. Re1 0-0 12. h3 Bxf3 13. Nxf3 e6 14. a4 Rc8 15. b4 Ne8 16. Qd2 Nd6 17. b5 Nf5 18. a5 Re8 19. a6 Qb6 20. Reb1 Rb8 21. Ne5 bxa6 22. Nd7 Qxb5 23. Nxb8 Rxb8 24. Qc2 Qd7 25. Rxa6 Nxd4 26. Bxd4 Rxb1+ 27. Qxb1 Bxd4 28. Qb8+ Kg7 29. Qf4 Bb6 30. Qe5+ f6 31. Qe2 Qc8 32. Ra1 Qc3 33. Rb1 e5 34. g3 h5 35. h4 e4 36. Kg2 f5 37. dxe4 dxe4 38. Rd1 Qc6 39. Qb2+ Kf7 40. Qb3+ Kg7 41. Qb2+ Kf7 42. Kh2 Qe6 43. Qh8 Bxf2 44. Rd8 Bxg3+ 45. Kh1 Qc6 46. Rf8+ Ke6 47. Rf6+ 1-0

[Event "NOR-chT Elite 2425"]
[Site "Norway"]
[Date "2025.02.08"]
[Round "5.51"]
[White "Blomqvist, Erik"]
[Black "Hillarp Persson, Tiger"]
[Result "1-0"]
[WhiteElo "2460"]
[BlackElo "2460"]
[PlyCount "61"]
[EventDate "2024.10.25"]
[EventType "team-tourn"]
[EventRounds "9"]
[EventCountry "NOR"]
[SourceTitle "CB16_2025"]
[SourceDate "2025.04.16"]
[SourceVersion "1"]
[SourceVersionDate "2025.04.16"]
[SourceQuality "1"]
[WhiteTeam "Nordstrand"]
[BlackTeam "Asker"]
[WhiteTeamCountry "NOR"]
[BlackTeamCountry "NOR"]

1. e4 c5 2. Nf3 Nc6 3. Bb5 e6 4. c3 Nge7 5. d4 cxd4 6. cxd4 d5 7. e5 Bd7 8. Nc3 Nf5 9. 0-0 Be7 10. Bd3 g6 11. Bxf5 gxf5 12. Bh6 Rg8 13. Qd2 Rg6 14. Rfc1 Na5 15. b3 Bc6 16. Ne2 Nc4 17. bxc4 dxc4 18. Ne1 b5 19. Be3 a5 20. Nf4 Bd5 21. Qe2 Rc8 22. Qh5 Rg7 23. Qh6 Bf8 24. Qf6 Qxf6 25. exf6 Rg6 26. Ned3 Rxf6 27. Nc5 Ba8 28. Bd2 Bd6 29. Rab1 Bxc5 30. dxc5 Rxc5 31. Be3 1-0

[Event "DEN-chT 2425 62nd"]
[Site "Denmark"]
[Date "2025.01.26"]
[Round "6.1"]
[White "Nielsen, Viktor Haarmark"]
[Black "Hillarp Persson, Tiger"]
[Result "0-1"]
[WhiteElo "2343"]
[BlackElo "2455"]
[PlyCount "126"]
[EventDate "2024.11.02"]
[EventType "team-tourn"]
[EventRounds "9"]
[EventCountry "DEN"]
[SourceTitle "CB16_2025"]
[SourceDate "2025.04.16"]
[SourceVersion "1"]
[SourceVersionDate "2025.04.16"]
[SourceQuality "1"]
[WhiteTeam "Obro"]
[BlackTeam "Bronshoj"]
[WhiteTeamCountry "DEN"]
[BlackTeamCountry "DEN"]

1. d4 Nf6 2. c4 e6 3. Nf3 d5 4. g3 Bb4+ 5. Nbd2 dxc4 6. a3 Bxd2+ 7. Bxd2 0-0 8. Bg2 a5 9. a4 Nc6 10. Bf4 Nd5 11. Rc1 e5 12. dxe5 Nxf4 13. gxf4 Qxd1+ 14. Rxd1 Ra6 15. Nd4 Nxd4 16. Rxd4 Rb6 17. Rxc4 c6 18. 0-0 Rxb2 19. Rc5 Rxe2 20. Rxa5 Rd2 21. Ra7 Rd4 22. f5 Rb4 23. Bh3 Rb3 24. Kg2 g6 25. e6 fxe6 26. fxe6 Re8 27. Rd1 Kg7 28. a5 Kf6 29. Rd4 h5 30. Rf4+ Ke5 31. Rh4 Bxe6 32. Bxe6 Rxe6 33. Rh3 Rb5 34. Re3+ Kd6 35. Rd3+ Kc7 36. Ra8 Rd5 37. Rb3 Rb5 38. Rd3 Rg5+ 39. Kf1 Rd5 40. Rb3 Red6 41. Rf3 Rd8 42. Rf7+ R5d7 43. Rxd8 Rxf7 44. Rg8 Rf6 45. Ke2 Rd6 46. Rg7+ Kb8 47. Rg8+ Ka7 48. Rg7 Ka6 49. f4 c5 50. Rc7 b6 51. axb6 Kxb6 52. Rc8 Kb5 53. Rb8+ Ka4 54. Rf8 c4 55. f5 gxf5 56. Rxf5 c3 57. Rxh5 c2 58. Rc5 Kb3 59. h4 Rd1 60. h5 c1Q 61. Rxc1 Rxc1 62. Kf3 Rc4 63. h6 Rh4 0-1

[Event "Rilton Cup 52nd"]
[Site "Stockholm"]
[Date "2025.01.03"]
[Round "7"]
[White "Hillarp Persson, Tiger"]
[Black "Heberla, Bartlomiej"]
[Result "0-1"]
[WhiteElo "2459"]
[BlackElo "2503"]
[PlyCount "114"]
[EventDate "2024.12.27"]
[EventType "swiss"]
[EventRounds "9"]
[EventCountry "SWE"]
[SourceTitle "CB02_2025"]
[SourceDate "2025.01.08"]
[SourceVersion "1"]
[SourceVersionDate "2025.01.08"]
[SourceQuality "1"]

1. Nf3 Nf6 2. g3 e6 3. Bg2 d5 4. 0-0 Bd6 5. c4 0-0 6. d4 h6 7. Nc3 Nc6 8. b3 dxc4 9. bxc4 e5 10. c5 exd4 11. Nxd4 Bxc5 12. Nxc6 bxc6 13. Qc2 Qe7 14. Bb2 Rb8 15. Na4 Bd6 16. Bd4 Ba6 17. Rfe1 Rb4 18. Bc3 Rc4 19. Nb2 Rxc3 20. Qxc3 Bb4 21. Qb3 Bxe1 22. Rxe1 Rd8 23. e3 Qc5 24. h3 Rd2 25. Rd1 Qc2 26. Qxc2 Rxc2 27. Nd3 Bxd3 28. Rxd3 Rxa2 29. Rd8+ Kh7 30. Bxc6 Rc2 31. Bb5 g6 32. Bd3 Rc5 33. e4 a5 34. Kf1 a4 35. Ra8 Rc3 36. Ke2 Nd7 37. Kd2 Ra3 38. Ra7 Ne5 39. Be2 Ra2+ 40. Ke3 Ra3+ 41. Kd2 Ra2+ 42. Ke3 a3 43. f4 Nc6 44. Ra4 Ra1 45. Bc4 Kg7 46. e5 Rg1 47. Kf2 Rc1 48. Bd5 Ne7 49. Be4 Rc3 50. Ra8 f5 51. Bf3 g5 52. h4 g4 53. Be2 Nd5 54. Ra5 Nb4 55. e6 a2 56. Ba6 Kf6 57. Bc8 Ke7 0-1

[Event "Rilton Cup 52nd"]
[Site "Stockholm"]
[Date "2024.12.27"]
[Round "1"]
[White "Hillarp Persson, Tiger"]
[Black "Golecki, Jan"]
[Result "1-0"]
[WhiteElo "2459"]
[BlackElo "2256"]
[PlyCount "101"]
[EventDate "2024.12.27"]
[EventType "swiss"]
[EventRounds "9"]
[EventCountry "SWE"]
[SourceTitle "CB02_2025"]
[SourceDate "2025.01.08"]
[SourceVersion "1"]
[SourceVersionDate "2025.01.08"]
[SourceQuality "1"]

1. g3 d5 2. Nf3 Bg4 3. Bg2 c6 4. c4 e6 5. Qb3 Qb6 6. Qc2 Nd7 7. d3 Ngf6 8. Nbd2 Bd6 9. 0-0 h5 10. b4 Bb8 11. Rb1 h4 12. b5 hxg3 13. hxg3 c5 14. cxd5 Nxd5 15. e4 Nb4 16. Qb3 Bxg3 17. Nc4 Bxf3 18. fxg3 Bxg2 19. Nxb6 Bxf1 20. Nxd7 Kxd7 21. Kxf1 Rh2 22. Be3 Nxa2 23. Rb2 Nc1 24. Bxc1 Rh1+ 25. Kg2 Rxc1 26. Rf2 f6 27. e5 f5 28. Rxf5 c4 29. Rf7+ Ke8 30. Qb2 Kxf7 31. Qxc1 cxd3 32. Qf1+ Kg8 33. Qxd3 Re8 34. Qd7 Kf8 35. Qxb7 Re7 36. Qc6 Kf7 37. Kf3 Re8 38. Ke4 Re7 39. g4 Kg6 40. Qd6 Kf7 41. g5 Rb7 42. g6+ Kxg6 43. Qxe6+ Kh7 44. Qh3+ Kg6 45. Qf5+ Kh6 46. e6 g6 47. Qf8+ Rg7 48. e7 g5 49. e8Q a5 50. Kf5 g4 51. Qg6# 1-0

[Event "Malmo op"]
[Site "Malmo"]
[Date "2024.12.15"]
[Round "7"]
[White "Strom Engdahl, Alexander"]
[Black "Hillarp Persson, Tiger"]
[Result "0-1"]
[WhiteElo "2291"]
[BlackElo "2459"]
[PlyCount "94"]
[EventDate "2024.12.13"]
[EventType "swiss"]
[EventRounds "8"]
[EventCountry "SWE"]
[SourceTitle "CB51_2024"]
[SourceDate "2024.12.18"]
[SourceVersion "1"]
[SourceVersionDate "2024.12.18"]
[SourceQuality "1"]

1. e4 c5 2. Nf3 d6 3. d4 cxd4 4. Nxd4 Nf6 5. Nc3 a6 6. h3 e5 7. Nf3 Be7 8. g4 Be6 9. g5 Nfd7 10. Be3 Nb6 11. h4 N8d7 12. h5 Qc7 13. Qd2 h6 14. Rg1 0-0-0 15. 0-0-0 Kb8 16. Nd5 Bxd5 17. exd5 Nc4 18. Bxc4 Qxc4 19. b3 Qc7 20. gxh6 gxh6 21. Rg7 Rdf8 22. Qd3 Bd8 23. Qf5 Nf6 24. Kb2 b5 25. Nd2 Qc8 26. Qf3 Qd7 27. Rgg1 Ne8 28. Qe2 f5 29. f4 e4 30. c4 Bf6+ 31. Kb1 Rhg8 32. Qf2 Kb7 33. cxb5 axb5 34. Rxg8 Rxg8 35. Rc1 Nc7 36. Bd4 Be7 37. Qe1 Ra8 38. Qe2 Nxd5 39. Nxe4 Nxf4 40. Nxd6+ Bxd6 41. Qf3+ Kb8 42. Be3 Qb7 43. Qg3 Qe4+ 44. Rc2 Bc7 45. Qg8+ Kb7 46. Qf7 Nd5 47. Bf4 Nc3+ 0-1

[Event "Malmo op"]
[Site "Malmo"]
[Date "2024.12.13"]
[Round "4"]
[White "Hillarp Persson, Tiger"]
[Black "Ernst, Thomas"]
[Result "0-1"]
[WhiteElo "2459"]
[BlackElo "2271"]
[PlyCount "128"]
[EventDate "2024.12.13"]
[EventType "swiss"]
[EventRounds "8"]
[EventCountry "SWE"]
[SourceTitle "CB51_2024"]
[SourceDate "2024.12.18"]
[SourceVersion "1"]
[SourceVersionDate "2024.12.18"]
[SourceQuality "1"]

1. d4 d5 2. c4 e6 3. Nc3 Nf6 4. cxd5 exd5 5. Bg5 Be7 6. e3 c6 7. Bd3 0-0 8. Nge2 Nbd7 9. 0-0 Re8 10. f3 Nf8 11. Bh4 Ne6 12. a4 a5 13. Kh1 c5 14. Rc1 cxd4 15. exd4 b6 16. Qb3 Bb7 17. Nb5 Nh5 18. Bxe7 Qxe7 19. g3 Nf6 20. Rfe1 Qd7 21. Bf5 Rac8 22. Nf4 Rxc1 23. Rxc1 Rc8 24. Re1 Re8 25. Bxe6 fxe6 26. Nd3 Ba6 27. Ne5 Qe7 28. Rc1 Rc8 29. Rxc8+ Bxc8 30. Qc3 Bb7 31. Qc7 Qxc7 32. Nxc7 Bc8 33. Na8 Nd7 34. Nxd7 Bxd7 35. Nxb6 Bc6 36. b3 Kf7 37. Kg2 Ke7 38. Nc8+ Kd7 39. Na7 Bb7 40. Kf2 Ba6 41. Ke3 Kc7 42. Kf4 Kb6 43. Ke5 Kxa7 44. Kxe6 Be2 45. Kxd5 Bxf3+ 46. Kc5 Bd1 47. Kb5 Bxb3 48. Kxa5 Kb7 49. Kb5 Kc7 50. a5 Kd6 51. a6 Bd5 52. Kb6 Be4 53. a7 Ba8 54. Kb5 Kd5 55. Kb6 Kxd4 56. Kc7 Ke4 57. Kd6 Kf5 58. Ke7 g5 59. h3 h5 60. Kf7 g4 61. h4 Ke4 62. Kg6 Kf3 63. Kxh5 Kxg3 64. Kg5 Kf3 0-1

[Event "Malmo op"]
[Site "Malmo"]
[Date "2024.12.13"]
[Round "3"]
[White "Nilsson, Anders"]
[Black "Hillarp Persson, Tiger"]
[Result "0-1"]
[WhiteElo "2166"]
[BlackElo "2459"]
[PlyCount "58"]
[EventDate "2024.12.13"]
[EventType "swiss"]
[EventRounds "8"]
[EventCountry "SWE"]
[SourceTitle "CB51_2024"]
[SourceDate "2024.12.18"]
[SourceVersion "1"]
[SourceVersionDate "2024.12.18"]
[SourceQuality "1"]

1. d4 Nf6 2. Bf4 c5 3. d5 b5 4. a4 b4 5. c4 e6 6. g3 exd5 7. Bg2 d6 8. cxd5 g6 9. Nf3 Bg7 10. Nbd2 Ba6 11. Rc1 0-0 12. Nc4 Bxc4 13. Rxc4 Re8 14. 0-0 Nh5 15. Bg5 Bf6 16. Bc1 Nd7 17. Nd2 Nb6 18. Re4 Rxe4 19. Bxe4 a5 20. b3 Bg7 21. Qc2 Nf6 22. Bb2 Nfd7 23. Bxg7 Kxg7 24. Rd1 Qf6 25. Nc4 Re8 26. Bg2 Nxc4 27. Qxc4 Qb2 28. e3 Ne5 29. Qb5 Qxb3 0-1

[Event "DEN-chT 2425 62nd"]
[Site "Denmark"]
[Date "2024.12.08"]
[Round "4.1"]
[White "Hillarp Persson, Tiger"]
[Black "Ochsner, Bjorn Moller"]
[Result "1/2-1/2"]
[WhiteElo "2455"]
[BlackElo "2512"]
[PlyCount "48"]
[EventDate "2024.11.02"]
[EventType "team-tourn"]
[EventRounds "9"]
[EventCountry "DEN"]
[SourceTitle "CB16_2025"]
[SourceDate "2025.04.16"]
[SourceVersion "1"]
[SourceVersionDate "2025.04.16"]
[SourceQuality "1"]
[WhiteTeam "Bronshoj"]
[BlackTeam "Aarhus/Skolerne"]
[WhiteTeamCountry "DEN"]
[BlackTeamCountry "DEN"]

1. d4 d5 2. Nf3 Nf6 3. c4 e6 4. Nc3 dxc4 5. e3 a6 6. a4 c5 7. Bxc4 Nc6 8. 0-0 Be7 9. Ne5 Bd7 10. Nxd7 Qxd7 11. dxc5 Qxd1 12. Rxd1 Bxc5 13. Bd2 Ke7 14. Be2 Rhd8 15. Be1 Rxd1 16. Rxd1 Rd8 17. Rxd8 Kxd8 18. Na2 Nd5 19. Bf3 Kc7 20. Kf1 Ndb4 21. Nxb4 Nxb4 22. Ke2 Nc6 23. Bc3 f6 24. Kd3 Ne5+ 1/2-1/2

[Event "DEN-chT 2425 62nd"]
[Site "Denmark"]
[Date "2024.11.03"]
[Round "2.1"]
[White "Hillarp Persson, Tiger"]
[Black "Andersen, Mads"]
[Result "1/2-1/2"]
[WhiteElo "2455"]
[BlackElo "2595"]
[PlyCount "91"]
[EventDate "2024.11.02"]
[EventType "team-tourn"]
[EventRounds "9"]
[EventCountry "DEN"]
[SourceTitle "CB45_2024"]
[Source "ChessBase"]
[SourceDate "2024.11.06"]
[SourceVersion "1"]
[SourceVersionDate "2024.11.06"]
[SourceQuality "1"]
[WhiteTeam "Bronshoj"]
[BlackTeam "Skanderborg Nordea"]
[WhiteTeamCountry "DEN"]
[BlackTeamCountry "DEN"]

1. Nf3 d5 2. g3 c5 3. Bg2 Nc6 4. d4 e6 5. 0-0 cxd4 6. Nxd4 Bc5 7. Nxc6 bxc6 8. c4 Nf6 9. Qc2 Qe7 10. Nc3 0-0 11. b3 Ba6 12. Na4 Bd6 13. Rd1 Rac8 14. Bb2 e5 15. e3 Rfd8 16. Rac1 h6 17. h3 Ba3 18. Bxa3 Qxa3 19. Qc3 dxc4 20. Qxe5 cxb3 21. axb3 Rxd1+ 22. Rxd1 Qxb3 23. Ra1 Bc4 24. Qd4 Qc2 25. Nc5 Rb8 26. e4 Rb1+ 27. Rxb1 Qxb1+ 28. Kh2 Bf1 29. Bf3 Qb6 30. e5 Nd7 31. Qxd7 Qxc5 32. Qe8+ Qf8 33. Qxc6 Qe7 34. Bd5 Bd3 35. e6 Bg6 36. Qd7 Kf8 37. Qc8+ Qe8 38. e7+ Kxe7 39. Qc5+ Kd8 40. Qxa7 Qd7 41. Qc5 Qe7 42. Qb6+ Qc7 43. Qb4 Ke8 44. Bb3 Bf5 45. h4 Be6 46. Bxe6 1/2-1/2

[Event "Fagernes Autumn op"]
[Site "Fagernes"]
[Date "2024.10.13"]
[Round "9"]
[White "Fiskaaen, Martin Holten"]
[Black "Hillarp Persson, Tiger"]
[Result "1/2-1/2"]
[WhiteElo "2259"]
[BlackElo "2455"]
[PlyCount "96"]
[EventDate "2024.10.06"]
[EventType "swiss"]
[EventRounds "9"]
[EventCountry "NOR"]
[SourceTitle "CB42_2024"]
[Source "ChessBase"]
[SourceDate "2024.10.16"]
[SourceVersion "1"]
[SourceVersionDate "2024.10.16"]
[SourceQuality "1"]

1. d4 Nf6 2. c4 e6 3. Nf3 d5 4. g3 Bb4+ 5. Bd2 Be7 6. Bg2 0-0 7. 0-0 c6 8. b3 c5 9. cxd5 exd5 10. Nc3 Nc6 11. dxc5 Bxc5 12. Bg5 d4 13. Bxf6 Qxf6 14. Ne4 Qe7 15. Nxc5 Qxc5 16. Rc1 Qb6 17. Qd3 h6 18. e3 dxe3 19. Qxe3 Be6 20. Rfd1 Rfd8 21. Qe2 Rxd1+ 22. Rxd1 Rd8 23. h3 Rxd1+ 24. Qxd1 Qc5 25. Qd2 b6 26. Kh2 a5 27. Ne1 Qd4 28. Qe2 Nb4 29. Be4 Nxa2 30. Nf3 Qb4 31. Qd3 Qe7 32. Qa6 Qc5 33. Nd4 Nc3 34. Nxe6 fxe6 35. Bg2 e5 36. Qb7 e4 37. Qa8+ Kf7 38. Qb7+ Kf6 39. Kg1 Qd4 40. Qc6+ Kf7 41. Bf1 b5 42. Bxb5 Nxb5 43. Qxb5 e3 44. Qb7+ Ke6 45. Qa6+ Kd7 46. Qb7+ Kd6 47. Qa6+ Kd7 48. Qb7+ Kd6 1/2-1/2

[Event "Fagernes Autumn op"]
[Site "Fagernes"]
[Date "2024.10.10"]
[Round "6"]
[White "Hillarp Persson, Tiger"]
[Black "Carlsson, Ludvig"]
[Result "1/2-1/2"]
[WhiteElo "2455"]
[BlackElo "2334"]
[PlyCount "96"]
[EventDate "2024.10.06"]
[EventType "swiss"]
[EventRounds "9"]
[EventCountry "NOR"]
[SourceTitle "CB42_2024"]
[Source "ChessBase"]
[SourceDate "2024.10.16"]
[SourceVersion "1"]
[SourceVersionDate "2024.10.16"]
[SourceQuality "1"]

1. c4 c5 2. Nf3 Nc6 3. Nc3 e6 4. g3 d5 5. cxd5 exd5 6. d4 Nf6 7. Be3 c4 8. Bg5 Be7 9. Bg2 0-0 10. 0-0 Be6 11. e3 h6 12. Bxf6 Bxf6 13. Nd2 Rc8 14. f4 Qd7 15. Nf3 Be7 16. Qd2 f6 17. Nh4 Bb4 18. f5 Bf7 19. g4 Rfe8 20. Bf3 Re7 21. Rae1 Rce8 22. Ng6 Bxg6 23. fxg6 Re6 24. h4 Ne7 25. h5 Qd6 26. Qg2 Rd8 27. Kh1 a6 28. e4 dxe4 29. Nxe4 Qxd4 30. Rd1 Qb6 31. Rxd8+ Qxd8 32. Rd1 Qc7 33. a3 Ba5 34. Ng3 Re3 35. Nf5 Nxf5 36. gxf5 Kf8 37. Qg4 b5 38. Kg2 Bb6 39. Qg3 Qxg3+ 40. Kxg3 Rd3 41. Rxd3 cxd3 42. Kf4 b4 43. Ke4 bxa3 44. bxa3 d2 45. Kd5 a5 46. a4 Bg1 47. Bd1 Bf2 48. Ke6 Bg1 1/2-1/2

[Event "Olympiad-45"]
[Site "Budapest"]
[Date "2024.09.19"]
[Round "8.3"]
[White "Mehmeti, Dritan"]
[Black "Hillarp Persson, Tiger"]
[Result "0-1"]
[WhiteElo "2364"]
[BlackElo "2457"]
[PlyCount "62"]
[EventDate "2024.09.11"]
[EventType "team-swiss"]
[EventRounds "11"]
[EventCountry "HUN"]
[SourceTitle "EXT 2025"]
[Source "ChessBase"]
[SourceDate "2024.10.14"]
[SourceVersion "1"]
[SourceVersionDate "2024.10.14"]
[SourceQuality "1"]
[WhiteTeam "Albania"]
[BlackTeam "Sweden"]
[WhiteTeamCountry "ALB"]
[BlackTeamCountry "SWE"]

1. d4 d5 2. Nf3 Nf6 3. e3 g6 4. c4 Bg7 5. Nc3 0-0 6. cxd5 Nxd5 7. Bc4 Nxc3 8. bxc3 c5 9. 0-0 Qc7 10. Qe2 Nc6 11. Rd1 b6 12. Bb2 Na5 13. Bd3 Bb7 14. Rac1 Rac8 15. Ba6 Bxa6 16. Qxa6 Rfd8 17. Qe2 Qc6 18. e4 Qa4 19. Ba1 Bh6 20. d5 Bxc1 21. Rxc1 Nc4 22. Rd1 e6 23. h4 exd5 24. exd5 Re8 25. Qd3 Rcd8 26. h5 Qxa2 27. Kf1 Qa4 28. hxg6 hxg6 29. g3 b5 30. Kg2 Qa2 31. Nd2 Rxd5 0-1

[Event "Olympiad-45"]
[Site "Budapest"]
[Date "2024.09.12"]
[Round "2.40"]
[White "Hillarp Persson, Tiger"]
[Black "Berend, Fred"]
[Result "1/2-1/2"]
[WhiteElo "2457"]
[BlackElo "2230"]
[PlyCount "97"]
[EventDate "2024.09.11"]
[EventType "team-swiss"]
[EventRounds "11"]
[EventCountry "HUN"]
[SourceTitle "EXT 2025"]
[Source "ChessBase"]
[SourceDate "2024.10.14"]
[SourceVersion "1"]
[SourceVersionDate "2024.10.14"]
[SourceQuality "1"]
[WhiteTeam "Sweden"]
[BlackTeam "Luxembourg"]
[WhiteTeamCountry "SWE"]
[BlackTeamCountry "LUX"]

1. Nf3 Nf6 2. g3 d5 3. Bg2 c5 4. c4 dxc4 5. Na3 Nc6 6. Nxc4 g6 7. b3 Bg7 8. Bb2 0-0 9. 0-0 Be6 10. Rc1 Rc8 11. d4 cxd4 12. Nxd4 Bd5 13. Nxc6 Bxc6 14. Bxc6 Rxc6 15. Qxd8 Rxd8 16. Rfd1 Rb8 17. Kf1 Ne8 18. Bxg7 Kxg7 19. Ne5 Rxc1 20. Rxc1 Rd8 21. Ke1 Kf6 22. Nd3 Nd6 23. f3 Rc8 24. Rxc8 Nxc8 25. Kd2 e6 26. e4 Ke7 27. Kc3 Kd6 28. Kd4 Ne7 29. e5+ Kc6 30. Nf2 Nf5+ 31. Ke4 h6 32. Nd3 a5 33. Nb2 b5 34. a3 Ne7 35. Nd3 Kb6 36. g4 Nd5 37. Kd4 Ne7 38. h4 Nc6+ 39. Ke4 Ne7 40. Kd4 Nc6+ 41. Ke3 Ne7 42. Ke4 Nc6 43. Ke3 Ne7 44. Nf2 Nc6 45. Ke4 Ne7 46. Nd3 Nc6 47. Nf2 Kc5 48. Nd3+ Kb6 49. Ke3 1/2-1/2

[Event "SWE-ch"]
[Site "Vaxjo"]
[Date "2024.06.29"]
[Round "1"]
[White "Hillarp Persson, Tiger"]
[Black "Hector, Jonny"]
[Result "0-1"]
[WhiteElo "2455"]
[BlackElo "2410"]
[PlyCount "78"]
[EventDate "2024.06.29"]
[EventType "tourn"]
[EventRounds "9"]
[EventCountry "SWE"]
[EventCategory "9"]
[SourceTitle "CBM 221 Extra"]
[Source "ChessBase"]
[SourceDate "2024.09.30"]
[SourceVersion "1"]
[SourceVersionDate "2024.09.30"]
[SourceQuality "1"]

1. Nf3 d5 2. g3 Nc6 3. d4 Bf5 4. c4 e5 5. Nxe5 Nxe5 6. dxe5 dxc4 7. Qa4+ c6 8. Qxc4 Qa5+ 9. Nc3 Qxe5 10. Bg2 Qc5 11. Qa4 Bd7 12. 0-0 Nf6 13. Qb3 Qb4 14. Qc2 Be7 15. e4 h5 16. h3 Be6 17. Be3 Qa5 18. f4 Bc5 19. Bxc5 Qxc5+ 20. Qf2 Nd7 21. Rfd1 Qxf2+ 22. Kxf2 h4 23. e5 hxg3+ 24. Kxg3 f6 25. Ne4 fxe5 26. fxe5 Rh5 27. Nd6+ Ke7 28. Nxb7 Rb8 29. Na5 Nxe5 30. b3 Rg5+ 31. Kh2 Rh8 32. Rf1 Ng4+ 33. Kg1 Ne3 34. Nxc6+ Kd6 35. Rfd1+ Kc7 36. Rd2 Nxg2 37. Nd4 Nf4+ 38. Kf2 Rg2+ 39. Ke3 Nd5+ 0-1

[Event "Deltalift op"]
[Site "Halmstad"]
[Date "2024.05.11"]
[Round "7"]
[White "Lindgren, Philip"]
[Black "Hillarp Persson, Tiger"]
[Result "0-1"]
[WhiteElo "2377"]
[BlackElo "2452"]
[PlyCount "80"]
[EventDate "2024.05.09"]
[EventType "swiss"]
[EventRounds "8"]
[EventCountry "SWE"]
[SourceTitle "CBM 220 Extra"]
[Source "ChessBase"]
[SourceDate "2024.07.31"]
[SourceVersion "1"]
[SourceVersionDate "2024.07.31"]
[SourceQuality "1"]

1. d4 Nf6 2. c4 e6 3. Nc3 Bb4 4. e3 0-0 5. Bd3 c5 6. a3 Bxc3+ 7. bxc3 Nc6 8. Ne2 b6 9. e4 Ne8 10. Be3 d6 11. d5 Ne5 12. Nf4 Nxd3+ 13. Qxd3 e5 14. Ne2 f5 15. f3 Qh4+ 16. Bf2 Qg5 17. 0-0 f4 18. Kh1 Qh5 19. g4 fxg3 20. Bxg3 Bh3 21. Rf2 Nf6 22. f4 Bd7 23. fxe5 dxe5 24. Ng1 Ng4 25. Rff1 Rf6 26. Rxf6 gxf6 27. Rf1 Rf8 28. Nf3 Rf7 29. Nh4 Nh6 30. Nf3 Kf8 31. Nd2 Ke8 32. Re1 Rg7 33. Nf1 Nf7 34. a4 Nd6 35. Ra1 Qh3 36. Nd2 h5 37. Qf3 h4 38. Qxf6 hxg3 39. Nf3 Bg4 40. Qxe5+ Re7 0-1

[Event "Deltalift op"]
[Site "Halmstad"]
[Date "2024.05.10"]
[Round "6"]
[White "Hillarp Persson, Tiger"]
[Black "Seo, Jung Min"]
[Result "1/2-1/2"]
[WhiteElo "2452"]
[BlackElo "2452"]
[PlyCount "57"]
[EventDate "2024.05.09"]
[EventType "swiss"]
[EventRounds "8"]
[EventCountry "SWE"]
[SourceTitle "CBM 220 Extra"]
[Source "ChessBase"]
[SourceDate "2024.07.31"]
[SourceVersion "1"]
[SourceVersionDate "2024.07.31"]
[SourceQuality "1"]

1. d4 d5 2. c4 c6 3. Nf3 Nf6 4. e3 Bf5 5. Nc3 e6 6. Nh4 Bg6 7. Nxg6 hxg6 8. g3 Be7 9. Bg2 Nbd7 10. Qe2 Rc8 11. 0-0 0-0 12. c5 e5 13. b4 Re8 14. Qd3 Qc7 15. Bd2 Nf8 16. f4 exd4 17. exd4 Qd7 18. Rad1 Qf5 19. Be3 Bd8 20. h3 Rc7 21. Qd2 Rce7 22. g4 Qd7 23. Rfe1 Bc7 24. Qf2 Ne6 25. Bc1 Nf8 26. Rxe7 Rxe7 27. Bf1 Ne4 28. Nxe4 Rxe4 29. Bd3 1/2-1/2